| 000 | 00442 a2200157 4500 | ||
|---|---|---|---|
| 003 | OSt | ||
| 005 | 20240116153411.0 | ||
| 008 | 240116b |||||||| |||| 00| 0 eng d | ||
| 040 | _coclc | ||
| 082 |
_a900 _bKUN/A |
||
| 100 |
_aKunhi, P K Muhammed _910277 |
||
| 245 |
_aArabi bhashayum sahityavum / _cP K Muhammed Kunhi |
||
| 260 |
_aKerala: _bIPH, _c2001. |
||
| 300 | _a157p | ||
| 942 |
_2ddc _cBK _h900 _iKUN/A _k900 _mKUN/A |
||
| 999 |
_c43218 _d43218 |
||